Teaching Living Legends Professional Development and Lessons for the 21st Century Music Educator /

This book traces the research on the design, implementation and outcomes of a professional development program for in-service primary and secondary school teachers aimed at enhancing their understanding of living music traditions in Singapore and how these could be taught in the 21st century music c...

Full description

Bibliographic Details
Main Authors: Lum, Chee-Hoo (Author), Chua, Siew Ling (Author)
Corporate Author: SpringerLink (Online service)
Format: Electronic eBook
Language:English
Published: Singapore : Springer Singapore : Imprint: Springer, 2016.
Series:SpringerBriefs in Education,
Subjects:
Online Access:Full Text via HEAL-Link
LEADER 02614nam a22004815i 4500
001 978-981-10-1482-6
003 DE-He213
005 20160630035452.0
007 cr nn 008mamaa
008 160630s2016 si | s |||| 0|eng d
020 |a 9789811014826  |9 978-981-10-1482-6 
024 7 |a 10.1007/978-981-10-1482-6  |2 doi 
040 |d GrThAP 
050 4 |a NX280-410 
072 7 |a JNU  |2 bicssc 
072 7 |a A  |2 bicssc 
072 7 |a EDU029050  |2 bisacsh 
082 0 4 |a 700.71  |2 23 
100 1 |a Lum, Chee-Hoo.  |e author. 
245 1 0 |a Teaching Living Legends  |h [electronic resource] :  |b Professional Development and Lessons for the 21st Century Music Educator /  |c by Chee-Hoo Lum, Siew Ling Chua. 
264 1 |a Singapore :  |b Springer Singapore :  |b Imprint: Springer,  |c 2016. 
300 |a XI, 115 p. 5 illus.  |b online resource. 
336 |a text  |b txt  |2 rdacontent 
337 |a computer  |b c  |2 rdamedia 
338 |a online resource  |b cr  |2 rdacarrier 
347 |a text file  |b PDF  |2 rda 
490 1 |a SpringerBriefs in Education,  |x 2211-1921 
505 0 |a Chapter 1 Introduction -- Chapter 2 Approaches and Processes -- Chapter 3 Tensions and Resolutions: Professional Development Considerations -- Chapter 4 Practice and Pedagogy -- Chapter 5 Perspective Building -- Chapter 6 Professional Learning Experiences -- Chapter 7 Conclusion -- Chapter 8 Epilogue. 
520 |a This book traces the research on the design, implementation and outcomes of a professional development program for in-service primary and secondary school teachers aimed at enhancing their understanding of living music traditions in Singapore and how these could be taught in the 21st century music classroom. It proposes a professional development framework comprising the areas of Pedagogy, Practice and Perspective to guide professional development design. The book also aims to promote further discussions on adult learning and teaching about teaching, especially with regard to developing self-efficacy to handle different music traditions in a 21st century, multi-ethnic society like Singapore. 
650 0 |a Education. 
650 0 |a Art education. 
650 0 |a Teaching. 
650 1 4 |a Education. 
650 2 4 |a Arts Education. 
650 2 4 |a Teaching and Teacher Education. 
700 1 |a Chua, Siew Ling.  |e author. 
710 2 |a SpringerLink (Online service) 
773 0 |t Springer eBooks 
776 0 8 |i Printed edition:  |z 9789811014819 
830 0 |a SpringerBriefs in Education,  |x 2211-1921 
856 4 0 |u http://dx.doi.org/10.1007/978-981-10-1482-6  |z Full Text via HEAL-Link 
912 |a ZDB-2-EDA 
950 |a Education (Springer-41171)